00493nam a2200193 a 4500001001300000003000900013005001700022008004100039020001000080082001500090100001800105245004400123260003300167300000900200500003500209505002100244650001600265700001800281nice12345678IN_TiNIC20260116011412.0050524s1930 lona grp 000 0 eng  ac10000a231.3bROB aRobinson, H W aChristian Experience of the Holy Spirit aLondonbNisbet and Co.c1930 a295p aincludes index and biblioraphy2 aIndex, Reference aHoly Spirit1 aRobinson, H W